01277 2200277 4500001002100000005001500021035002000036008004100056020002400097041000800121082001100129084001500140100003800155245006500193250001100258260004200269300002300311504001600334520049800350650002500848700002800873990002400901990002500925990002400950990002500974INLIS00000000000170720221031082528 a0010-0520001707221031 | | eng  a81 - 261 - 1443 - 6 aeng a341.48 a341.48 HUM0 aHuman Rights in the New Millenium1 aHuman Rights in the New Millenium /cEdited by Nayyar Shamsi a1st Ed aNew Delhi :bAnmol Publication,c2003 ax, 450 p. ;c22 cm aBibliografi aHuman Rights movement is a powerful movement, the World over, today. Still, the goal of equal rights for all human beings-is a distant dream. The situation is particularly grim in the developing world. All those concerned with the well being of the humanity and specially the academics and the intelligentsia are bound to react positively and do their bit. Hence, this work on the subject, in a new perspective. It must prove to be a ready reference for scholars and the general readers. 06015 4a1. hak Azazi Manusia0 aEdited by Nayyar Shamsi a06015/MKRI-P/I-2007 a00092/MKRI-P/IV-2007 a06015/MKRI-P/I-2007 a00092/MKRI-P/IV-2007